[Event "II - May 2023 DRRT"]
[Site "SchemingMind.com"]
[Date "2023.05.12"]
[Round "-"]
[White "Chessibelle"]
[Black "Sadalmelik"]
[Result "0-1"]
[WhiteCountry "ENG"]
[BlackCountry "ITA"]
[WhiteElo "1142"]
[WhiteRD "58"]
[BlackElo "1525"]
[BlackRD "106"]
[GameID "733929"]

1. Nf3 c5 2. d3 Nc6 3. Bd2 e5 4. g3 d5 5. e3 Nf6 6. h3 Be7 7. Be2 O-O 8. a3 d4 9. c3 b6 10. O-O Bb7
11. Nh2 Qc7 12. b4 h6 13. e4 a6 14. Bc1 a5 15. Nd2 axb4 16. Qc2 bxc3 17. Ndf3 Rfe8 18. Nh4 b5 19. Qb3 Kh8 20. Qxf7 Rf8
21. Qg6 Nd8 22. Nf5 Ne6 23. Bxh6 gxh6 24. Qxh6+ Kg8 25. Ng4 Rae8 26. Nh4 Rf7 27. Nf3 Bc8 28. Nh4 Nxg4 29. Bxg4 Rf6 30. Qh5 Ng7
31. Qg5 Rxf2 32. Qg6 Rxf1+ 33. Rxf1 Rf8 34. Nf3 Bxg4 35. Qxg4 b4 36. h4 b3 37. h5 Qd6 38. h6 Qxh6 39. Kf2 c2 40. Qd7 Qe3+
41. Kg2 b2 42. Qd5+ Kh8 43. Qxe5 c1=Q 44. Qxe7 Qxf1+ 45. Kxf1 Rxf3+ 46. Kg2 Rxg3+ 47. Kh2 Qg1#
0-1

[Event "II - May 2023 DRRT"]
[Site "SchemingMind.com"]
[Date "2023.05.12"]
[Round "-"]
[White "Sadalmelik"]
[Black "Chessibelle"]
[Result "1-0"]
[WhiteCountry "ITA"]
[BlackCountry "ENG"]
[WhiteElo "1525"]
[WhiteRD "106"]
[BlackElo "1142"]
[BlackRD "58"]
[GameID "733930"]

1. a4 e5 2. e3 d6 3. c4 Nf6 4. Nc3 g6 5. Nge2 Be7 6. g3 O-O 7. Bg2 Qd7 8. O-O a6 9. Nd5 Nxd5 10. cxd5 c6
11. dxc6 bxc6 12. d4 f6 13. Bd2 Rf7 14. Qc2 d5 15. b4 e4 16. Rab1 Qg4 17. Nc3 h5 18. f3 Qe6 19. fxe4 Nd7 20. exd5 Qd6
21. dxc6 Nb6 22. Ne4 Qc7 23. Nc5 f5 24. a5 g5 25. axb6 Qd6 26. b7 Rb8 27. Nxa6 Bf6 28. Nxb8 Qxb8 29. Bd5 Kg7 30. Bxf7 Kxf7
31. bxc8=Q Qxc8 32. Qc5 Be7 33. Qxf5+ Qxf5 34. Rxf5+ Ke6 35. e4 Kd6 36. b5
1-0

[Event "II - May 2023 DRRT"]
[Site "SchemingMind.com"]
[Date "2023.05.16"]
[Round "-"]
[White "ray winteringham"]
[Black "Chessibelle"]
[Result "1-0"]
[WhiteCountry "ENG"]
[BlackCountry "ENG"]
[WhiteElo "1452"]
[WhiteRD "49"]
[BlackElo "1146"]
[BlackRD "57"]
[GameID "734016"]

1. d4 d5 2. c4 Nf6 3. Nc3 e6 4. Bg5 Be7 5. Nf3 Nbd7 6. e3 O-O 7. h3 h6 8. Bxf6 Bxf6 9. c5 c6 10. Bd3 g6
11. Qd2 e5 12. O-O Kg7 13. dxe5 Nxe5 14. Nd4 Qd7 15. b4 b6 16. cxb6 axb6 17. a4 Qd6 18. f4 Nxd3 19. Qxd3 c5 20. Ndb5 Qd7
21. bxc5 bxc5 22. Rfd1 Bb7 23. Qb1 Rad8 24. e4 Qe6 25. e5 Bh4 26. Nd6 Ba6 27. Nxd5 Qd7 28. Nf6 Qa7 29. Kh1 Bg3 30. Qb3 Rb8
31. Qxg3 c4 32. f5 g5 33. h4 Rh8 34. Nh5+ Kf8 35. hxg5 Rg8 36. Nf6 Rxg5 37. Nh7+ Ke7 38. Nxg5 Kf8 39. Nh7+ Ke7 40. f6+ Kd7
41. Nb5+
1-0

[Event "II - May 2023 DRRT"]
[Site "SchemingMind.com"]
[Date "2023.05.16"]
[Round "-"]
[White "Chessibelle"]
[Black "ray winteringham"]
[Result "0-1"]
[WhiteCountry "ENG"]
[BlackCountry "ENG"]
[WhiteElo "1146"]
[WhiteRD "57"]
[BlackElo "1452"]
[BlackRD "49"]
[GameID "734017"]

1. Nf3 Nc6 2. d4 d5 3. e3 Nf6 4. g3 Bg4 5. Be2 e6 6. Bd2 Bh3 7. Ng5 Bg2 8. Rg1 Be4 9. f3 Bg6 10. Nc3 Bd6
11. Bb5 Nd7 12. a3 Qxg5 13. f4 Qe7 14. Qe2 Bxc2 15. Kf2 Bg6 16. Ba4 Na5 17. e4 O-O 18. Bc2 Nc4 19. Be1 b6 20. Kf1 Nxb2
21. Bb3 Nc4 22. Bf2 b5 23. Nxb5 Bxe4 24. a4 Bf3 25. Qc2 Be4 26. Qe2 Bb4 27. Nxc7 Rac8 28. Na6 Bf3 29. Qd3 Nd2+ 30. Ke1 Nxb3+
31. Kf1 Nxa1 32. Qxf3 Nb3 33. Kg2 Nd2 34. Qd1 Ne4 35. Be3 Bc3 36. Rf1 Qa3 37. Kh3 Bb2 38. f5 Qxe3 39. Qg4 Rc1 40. Rf3 Nf2+
41. Rxf2 Qxf2
0-1

[Event "II - May 2023 DRRT"]
[Site "SchemingMind.com"]
[Date "2023.05.16"]
[Round "-"]
[White "ray winteringham"]
[Black "Sadalmelik"]
[Result "1-0"]
[WhiteCountry "ENG"]
[BlackCountry "ITA"]
[WhiteElo "1434"]
[WhiteRD "48"]
[BlackElo "1525"]
[BlackRD "106"]
[GameID "734018"]

1. g3 Nf6 2. Bg2 g6 3. e4 Bg7 4. e5 Nh5 5. d4 Bf8 6. Nc3 c6 7. Nf3 f6 8. Be3 d6 9. h3 Qc7 10. exf6 Nxf6
11. O-O e5 12. dxe5 dxe5 13. Re1 Bd6 14. Bg5 Nbd7 15. Bf4 O-O 16. Bh6 Re8 17. Nh4 Nb6 18. Ne4 Nxe4 19. Rxe4 Nd5 20. c4 Nf6
21. Re1 Be6 22. Be4 Nxe4 23. Rxe4 Bxc4 24. Rxc4 a5 25. Qg4 Qf7 26. Rc3 Re6 27. Rf3 Qd7 28. Rd1 b5 29. Rfd3 Ra7 30. Nf5 e4
31. Rxd6 Qf7 32. Rxe6 Qxe6 33. Rd8+ Kf7 34. Rf8#
1-0

[Event "II - May 2023 DRRT"]
[Site "SchemingMind.com"]
[Date "2023.05.17"]
[Round "-"]
[White "Sadalmelik"]
[Black "ray winteringham"]
[Result "1-0"]
[WhiteCountry "ITA"]
[BlackCountry "ENG"]
[WhiteElo "1525"]
[WhiteRD "106"]
[BlackElo "1434"]
[BlackRD "48"]
[GameID "734019"]

1. e4 e5 2. Nf3 d6 3. c4 Bg4 4. Be2 Be7 5. Nc3 Nf6 6. O-O Nbd7 7. d3 h6 8. h3 Bxf3 9. Bxf3 c6 10. Qc2 Qb6
11. a3 Nc5 12. b4 Ncd7 13. Bd2 O-O 14. Be3 Qc7 15. Rfd1 b6 16. Ne2 a5 17. Qb2 Nh7 18. d4 Bf6 19. d5 Ng5 20. Rac1 Nxf3+
21. gxf3 Qd8 22. Ng3 cxd5 23. cxd5 Rc8 24. Rxc8 Qxc8 25. Rc1 Qb8 26. Rc6 Qb7 27. Rxd6 Bh4 28. Nf5 Bf6 29. bxa5 Nc5 30. Bxc5 bxc5
31. Qxb7
1-0

[Event "II - May 2023 DRRT"]
[Site "SchemingMind.com"]
[Date "2023.05.22"]
[Round "-"]
[White "ray winteringham"]
[Black "Wojtek26"]
[Result "1-0"]
[WhiteCountry "ENG"]
[BlackCountry "POL"]
[WhiteElo "1459"]
[WhiteRD "50"]
[BlackElo "1452"]
[BlackRD "79"]
[GameID "734258"]

1. e4 e5 2. Bc4 d6 3. Nc3 Nf6 4. d3 Be7 5. Be3 O-O 6. Nge2 Nc6 7. O-O Na5 8. Bb3 Nxb3 9. axb3 a6 10. f4 exf4
11. Nxf4 Bd7 12. Ncd5 Bc6 13. Nc3 Re8 14. h3 h6 15. Qf3 b5 16. Nh5 Rf8 17. Bxh6 Nxh5 18. Qxh5 gxh6 19. Ne2 Bd7 20. Nf4 Bg5
21. Rae1 c6 22. Rf2 Kh7 23. Ref1 Bxf4 24. Rxf4 Be6 25. Rf6 Rg8 26. Qxh6#
1-0

[Event "II - May 2023 DRRT"]
[Site "SchemingMind.com"]
[Date "2023.05.24"]
[Round "-"]
[White "Wojtek26"]
[Black "ray winteringham"]
[Result "1-0"]
[WhiteCountry "POL"]
[BlackCountry "ENG"]
[WhiteElo "1452"]
[WhiteRD "79"]
[BlackElo "1459"]
[BlackRD "50"]
[GameID "734259"]

1. d4 d5 2. e3 Nf6 3. c4 e6 4. Nf3 h6 5. Be2 Be7 6. O-O O-O 7. a3 Bd7 8. Nbd2 Nc6 9. b4 a6 10. Bb2 Na7
11. c5 Nc6 12. Rc1 b5 13. cxb6 cxb6 14. Ne5 Bd6 15. Nxd7 Qxd7 16. Rc2 Rac8 17. Bxa6 Rb8 18. Bb5 Rfc8 19. Qc1 Qc7 20. Rxc6 Qd7
21. Rxc8+ Qxc8 22. Qxc8+ Rxc8 23. Rc1 Rd8 24. Bd3 Ng4 25. h3 Nf6 26. e4 dxe4 27. Nxe4
1-0

[Event "II - May 2023 DRRT"]
[Site "SchemingMind.com"]
[Date "2023.05.23"]
[Round "-"]
[White "Chessibelle"]
[Black "Wojtek26"]
[Result "0-1"]
[WhiteCountry "ENG"]
[BlackCountry "POL"]
[WhiteElo "1106"]
[WhiteRD "57"]
[BlackElo "1344"]
[BlackRD "80"]
[GameID "734260"]

1. Nf3 d5 2. d4 e6 3. Bd2 Nf6 4. g3 Be7 5. e3 O-O 6. Be2 c5 7. O-O a6 8. b3 b5 9. Ne5 Bb7 10. a4 cxd4
11. exd4 Nbd7 12. Nc3 b4 13. Na2 Nxe5 14. dxe5 Nd7 15. f4 Bc5+ 16. Kg2 a5 17. h4 f6 18. Nc1 fxe5 19. Nd3 exf4 20. Nxf4 e5
21. Ne6 d4+ 22. Kh3 Rxf1 23. Bxf1 Qe7 24. Bc4 Bb6 25. Nc7+ Kh8 26. Nxa8 Bxa8 27. Qf1 h6 28. Re1 Nf6 29. Qf5 Bc7 30. Qf2 Qd6
31. Qf5 Bb7 32. g4 e4 33. g5 Qg3#
0-1

[Event "II - May 2023 DRRT"]
[Site "SchemingMind.com"]
[Date "2023.05.23"]
[Round "-"]
[White "Wojtek26"]
[Black "Chessibelle"]
[Result "1-0"]
[WhiteCountry "POL"]
[BlackCountry "ENG"]
[WhiteElo "1421"]
[WhiteRD "73"]
[BlackElo "1126"]
[BlackRD "58"]
[GameID "734261"]

1. d4 d5 2. e3 Nf6 3. Nf3 g6 4. c4 e6 5. Be2 Be7 6. O-O O-O 7. Nbd2 b6 8. a3 Nc6 9. b4 Bd6 10. c5 Be7
11. Bb2 Ng4 12. h3 Nh6 13. e4 f5 14. e5 Nf7 15. b5 Na5 16. c6 Qe8 17. Bc3 Nh6 18. Bxa5 bxa5 19. Nb3 a4 20. Nc5 Nf7
21. Rc1 h6 22. Ne1 Kg7 23. f4 g5 24. Bh5 Qd8 25. Bxf7 Rxf7 26. Ned3 Rb8 27. Qxa4 Ra8 28. Qd1 Kf8 29. Qh5 Rh7 30. Qg6 Rh8
31. Nxe6+ Bxe6 32. Qxe6 Ke8 33. Qg6+ Kf8 34. e6 Qe8 35. Qxf5+ Kg8 36. Ne5 Rh7 37. fxg5 hxg5 38. Rf3 Rg7 39. Rcf1 Kh8 40. Nf7+ Kg8
41. Nh6+ Kh8 42. Qxd5 Kh7 43. Nf5 Rg8 44. Nxe7 Rg7 45. Rf7 Qh8 46. Qf5+ Kh6 47. Qf6+ Kh7 48. Qg6#
1-0

[Event "II - May 2023 DRRT"]
[Site "SchemingMind.com"]
[Date "2023.05.23"]
[Round "-"]
[White "Wojtek26"]
[Black "Sadalmelik"]
[Result "1/2-1/2"]
[WhiteCountry "POL"]
[BlackCountry "ITA"]
[WhiteElo "1447"]
[WhiteRD "71"]
[BlackElo "1469"]
[BlackRD "81"]
[GameID "734262"]

1. d4 Nf6 2. e3 e6 3. Nf3 c5 4. c4 d5 5. Be2 Nc6 6. O-O Be7 7. a3 O-O 8. dxc5 Bxc5 9. b4 Be7 10. c5 b6
11. cxb6 axb6 12. Bb2 Bb7 13. Nbd2 Re8 14. Rc1 Qd6 15. Bb5 Rec8 16. Bxc6 Bxc6 17. Nd4 Bd7 18. Qb3 Ng4 19. N2f3 e5 20. Rxc8+ Rxc8
21. h3 e4 22. hxg4 exf3 23. gxf3 Bd8 24. Rc1 Bc7 25. Kf1 h6 26. a4 Bd8 27. Rxc8 Bxc8 28. Nb5 Ba6 29. Kg1 Bxb5 30. axb5 Qd7=
1/2-1/2

[Event "II - May 2023 DRRT"]
[Site "SchemingMind.com"]
[Date "2023.05.27"]
[Round "-"]
[White "Sadalmelik"]
[Black "Wojtek26"]
[Result "0-1"]
[WhiteCountry "ITA"]
[BlackCountry "POL"]
[WhiteElo "1451"]
[WhiteRD "75"]
[BlackElo "1477"]
[BlackRD "72"]
[GameID "734263"]

1. Nf3 d5 2. c4 e6 3. e3 Nf6 4. Nc3 c5 5. d4 a6 6. cxd5 Nxd5 7. Be2 Nxc3 8. bxc3 Be7 9. O-O O-O 10. a4 Nc6
11. Bd2 cxd4 12. cxd4 Bd7 13. Qb3 Rb8 14. Rfd1 h6 15. e4 Na7 16. Be3 Nc6 17. d5 exd5 18. Rxd5 Qe8 19. Rd3 Be6 20. Qd1 Bc4
21. Rd7 Bxe2 22. Qd2 Bxf3 23. gxf3 Bb4 24. Qd1 Ne5 25. Rd4 Bc5 26. Rd5 Bxe3 27. fxe3 Nc4 28. Qe2 Nb6 29. Rd4 Rc8 30. f4 Qc6
31. a5 Nd7 32. e5 Rfd8 33. Rad1 Qg6+ 34. Qg2 Qe6 35. Qxb7 Qg4+ 36. Kf2 Qh4+ 37. Kg2 Qg4+ 38. Kf2 Qh4+ 39. Kg2 Rc2+ 40. R4d2 Qg4+
41. Kf1 Qh3+ 42. Kg1 Qg4+ 43. Kf1 Qh3+ 44. Kf2 Qxh2+ 45. Ke1 Rxd2 46. Rxd2 Qxd2+ 47. Kxd2 Nc5+ 48. Ke2 Nxb7 49. Kf3 Nxa5
0-1

[Event "II - May 2023 DRRT"]
[Site "SchemingMind.com"]
[Date "2023.06.08"]
[Round "-"]
[White "ray winteringham"]
[Black "kenneth m day"]
[Result "1-0"]
[WhiteCountry "ENG"]
[BlackCountry "USA"]
[WhiteElo "1459"]
[WhiteRD "50"]
[BlackElo "1682"]
[BlackRD "62"]
[GameID "734590"]

1. d4 Nf6 2. Nc3 e6 3. e4 Bb4 4. Bd3 Nc6 5. Nf3 O-O 6. Bd2 Re8 7. a3 Be7 8. Qe2 d6 9. h3 e5 10. d5 Nd4
11. O-O Bd7 12. Nxd4 exd4 13. Na2 c5 14. c3 dxc3 15. Nxc3 a6 16. Rfb1 b5 17. b4 Bf8 18. g4 h6 19. Qf1 Rc8 20. f4 Qb6
21. Be3 Qb7 22. a4 Qc7 23. axb5 Bxb5 24. Rc1 Nxe4 25. Bxb5 axb5 26. Nxb5 Qb6 27. Na7 Ra8 28. bxc5 dxc5 29. Nc6 Qb5 30. Qxb5
1-0

[Event "II - May 2023 DRRT"]
[Site "SchemingMind.com"]
[Date "2023.06.07"]
[Round "-"]
[White "kenneth m day"]
[Black "Chessibelle"]
[Result "0-1"]
[WhiteCountry "USA"]
[BlackCountry "ENG"]
[WhiteElo "1682"]
[WhiteRD "62"]
[BlackElo "1159"]
[BlackRD "60"]
[GameID "734591"]

1. e4 e5 2. Nf3 Nc6 3. c3 d6 4. d4 Nf6 5. dxe5 dxe5 6. Qxd8+ Nxd8 7. Bg5 Be7 8. Nbd2 b6 9. Nxe5 Ne6 10. O-O-O O-O
11. h4 h6 12. Be3 Ne8 13. g4 Kh7 14. Nc6 Bd6 15. Nc4 b5 16. Nxd6 cxd6 17. Bd3 g6 18. Bxb5 N8c7 19. Bc4 Bb7 20. Rxd6 f6
21. Bd5 Ng7 22. f4 a5 23. Ne7 Rab8 24. Bxb7 Rxb7 25. Rhd1 Rfb8 26. b3 a4 27. b4 Nb5 28. Rd7 Nxc3 29. R1d4 h5 30. Kb2 Ne2
31. Rd2 Rxb4+ 32. Ka3 Nc3 33. Rd1 Rxe4 34. R1d3 Nb1#
0-1

[Event "II - May 2023 DRRT"]
[Site "SchemingMind.com"]
[Date "2023.06.07"]
[Round "-"]
[White "Chessibelle"]
[Black "kenneth m day"]
[Result "0-1"]
[WhiteCountry "ENG"]
[BlackCountry "USA"]
[WhiteElo "1159"]
[WhiteRD "60"]
[BlackElo "1682"]
[BlackRD "62"]
[GameID "734592"]

1. Nf3 d5 2. d4 Nf6 3. h3 c5 4. e3 Nc6 5. Be2 Bd7 6. O-O e6 7. Nc3 a6 8. a3 Be7 9. Nh2 Rc8 10. Qd2 O-O
11. f3 Re8 12. g4 h6 13. Qd3 cxd4 14. exd4 Qb6 15. Be3 Qc7 16. f4 Bd6 17. Bd1 Ne4 18. Ne2 Qd8 19. Nf3 f6 20. c3 e5
21. c4 exd4 22. Nfxd4 dxc4 23. Qxc4+ Kh8 24. Qd5 Bc7 25. Bc2 Nd6 26. Qh5 Rxe3 27. Qg6 Qg8 28. Qh5 Nxd4 29. Nxd4 Bb6 30. Bb3 Rxb3
31. Rad1 Bxd4+ 32. Rxd4 Qe6 33. Rd2 Qe3+ 34. Rff2 Rc1+ 35. Kh2 Qg3#
0-1

[Event "II - May 2023 DRRT"]
[Site "SchemingMind.com"]
[Date "2023.06.08"]
[Round "-"]
[White "kenneth m day"]
[Black "Wojtek26"]
[Result "1-0"]
[WhiteCountry "USA"]
[BlackCountry "POL"]
[WhiteElo "1671"]
[WhiteRD "60"]
[BlackElo "1421"]
[BlackRD "73"]
[GameID "734593"]

1. e4 e5 2. Nf3 Nc6 3. c3 d6 4. d4 exd4 5. cxd4 Bg4 6. Be2 Nf6 7. Nc3 Be7 8. O-O O-O 9. h3 Bh5 10. Be3 a6
11. Rc1 Re8 12. Re1 b5 13. e5 dxe5 14. dxe5 Bxf3 15. Bxf3 Nxe5 16. Bxa8 Qxa8 17. Qe2 Nfd7 18. Bf4 Bf6 19. Ne4 c6 20. Rcd1
1-0

[Event "II - May 2023 DRRT"]
[Site "SchemingMind.com"]
[Date "2023.06.08"]
[Round "-"]
[White "Wojtek26"]
[Black "kenneth m day"]
[Result "0-1"]
[WhiteCountry "POL"]
[BlackCountry "USA"]
[WhiteElo "1421"]
[WhiteRD "73"]
[BlackElo "1671"]
[BlackRD "60"]
[GameID "734594"]

1. d4 Nf6 2. e3 d6 3. Nf3 Bf5 4. Be2 c6 5. c4 g6 6. Nbd2 Bg7 7. O-O O-O 8. a3 Nbd7 9. b4 Re8 10. Bb2 e5
11. dxe5 Nxe5 12. Rc1 Rc8 13. Nxe5 dxe5 14. Nf3 Qc7 15. Nxe5 Rxe5 16. Bxe5 Qxe5 17. Qa4 a6 18. Bf3 Ne4 19. Bxe4 Bxe4
0-1

[Event "II - May 2023 DRRT"]
[Site "SchemingMind.com"]
[Date "2023.06.09"]
[Round "-"]
[White "kenneth m day"]
[Black "Sadalmelik"]
[Result "1-0"]
[WhiteCountry "USA"]
[BlackCountry "ITA"]
[WhiteElo "1707"]
[WhiteRD "59"]
[BlackElo "1471"]
[BlackRD "92"]
[GameID "734595"]

1. e4 d5 2. exd5 Nf6 3. d4 e6 4. dxe6 Bxe6 5. Nf3 c5 6. Nc3 Nc6 7. Be3 cxd4 8. Nxd4 Nxd4 9. Bxd4 Be7 10. Be2 O-O
11. O-O a6 12. Re1 b5 13. Qd3 Re8 14. Rad1 Qc7 15. Bf3 Rad8 16. Qe3 Ng4 17. Bxg4 Bxg4 18. f3 Be6 19. Bb6
1-0

[Event "II - May 2023 DRRT"]
[Site "SchemingMind.com"]
[Date "2023.06.12"]
[Round "-"]
[White "Sadalmelik"]
[Black "kenneth m day"]
[Result "1-0"]
[WhiteCountry "ITA"]
[BlackCountry "USA"]
[WhiteElo "1451"]
[WhiteRD "75"]
[BlackElo "1624"]
[BlackRD "61"]
[GameID "734596"]

1. Nf3 Nf6 2. c4 g6 3. Nc3 d6 4. e4 Nc6 5. d4 Bg7 6. Be3 Bg4 7. Be2 O-O 8. h3 Bd7 9. a3 e5 10. d5 Ne7
11. O-O c6 12. b4 cxd5 13. Nxd5 Nexd5 14. exd5 b6 15. b5 Ne8 16. a4 e4 17. Nd4 Rc8 18. f3 exf3 19. Rxf3 Nf6 20. Nc6 Qe8
21. Nxa7 Ra8 22. Nc6 Ne4 23. Ra3 Be5 24. Nxe5 Qxe5 25. Bd4 Qg5 26. Be3 Qe7 27. Bd3 Bf5 28. Bxb6 Rab8 29. a5 Rfe8 30. Bb1 Ng5
31. Rfe3 Qf6 32. Bxf5 Qxf5 33. Bc7 Rbc8 34. Rxe8+ Rxe8 35. Bxd6 h6 36. a6 Ne4 37. a7 Qf2+ 38. Kh2 Ra8 39. Bb8 Qf4+ 40. Kg1 Qf2+
41. Kh2 Qc5 42. Qc1 Kh7 43. Ra1 Nd6 44. Ra4 Nxb5 45. Ra5
1-0

[Event "II - May 2023 DRRT"]
[Site "SchemingMind.com"]
[Date "2023.06.17"]
[Round "-"]
[White "pmdpsp"]
[Black "kenneth m day"]
[Result "0-1"]
[WhiteCountry "GER"]
[BlackCountry "USA"]
[WhiteElo "1680"]
[WhiteRD "79"]
[BlackElo "1670"]
[BlackRD "62"]
[GameID "734913"]

1. c4 g6 2. Nc3 Bg7 3. d4 d6 4. e4 c6 5. Nf3 Bg4 6. Be2 Nf6 7. h3 Bxf3 8. Bxf3 O-O 9. O-O e5 10. d5 cxd5
11. cxd5 Nbd7 12. Be3 Ne8 13. Nb5 a6 14. Na3 f5 15. Qb3 Kh8 16. Qxb7 fxe4 17. Bxe4 Nef6 18. Bd3 e4 19. Bxa6 Rb8 20. Qc6 Rxb2
21. Nc4 Rc2 22. Qa4 Rc3 23. Bb7 Nc5 24. Bc6 Nxa4
0-1

[Event "II - May 2023 DRRT"]
[Site "SchemingMind.com"]
[Date "2023.06.18"]
[Round "-"]
[White "kenneth m day"]
[Black "pmdpsp"]
[Result "0-1"]
[WhiteCountry "USA"]
[BlackCountry "GER"]
[WhiteElo "1707"]
[WhiteRD "59"]
[BlackElo "1725"]
[BlackRD "78"]
[GameID "734914"]

1. e4 e5 2. Nf3 Nc6 3. c3 d5 4. Qa4 Bd7 5. exd5 Nd4 6. Qd1 Nxf3+ 7. Qxf3 Nf6 8. Bc4 Bc5 9. d3 O-O 10. O-O c6
11. Be3 Qb6 12. b3 Bxe3 13. Qxe3 Qxe3 14. fxe3 cxd5 15. Rxf6 gxf6 16. Bxd5 Bc6 17. Bxc6 bxc6 18. Na3 Rfd8 19. Rd1 c5 20. e4 Rab8
21. Nc4 Rb7 22. Ne3 Rbd7 23. Nd5 Kg7 24. Kf2 Kg6 25. g4 Rd6 26. Kf3 Ra6 27. Rd2 h5 28. h3 hxg4+ 29. hxg4 Rh8 30. Kg3 Kg5
31. Ne7 Rh4 32. Nf5 Rxg4+ 33. Kf2 Re6 34. Ne3 Rh4 35. Kg2 Re8 36. Nf5 Rg4+ 37. Kf3 Rh8 38. Rg2 Rxg2 39. Kxg2 Kf4 40. Nd6 Rd8
41. Nxf7 Rxd3 42. c4 Rd2+ 43. Kf1 Rxa2 44. Nd6 Kf3 45. Ke1 Rb2 46. Nf5 Rxb3 47. Nd6 a5 48. Kd2 a4 49. Kc2 Ke3
0-1

[Event "II - May 2023 DRRT"]
[Site "SchemingMind.com"]
[Date "2023.06.17"]
[Round "-"]
[White "pmdpsp"]
[Black "ray winteringham"]
[Result "1-0"]
[WhiteCountry "GER"]
[BlackCountry "ENG"]
[WhiteElo "1722"]
[WhiteRD "89"]
[BlackElo "1459"]
[BlackRD "50"]
[GameID "734915"]

1. c4 b5 2. cxb5 a6 3. bxa6 e5 4. e3 d5 5. Nf3 Bg4 6. Be2 Nf6 7. Nxe5 Bxe2 8. Qxe2 Bd6 9. Qb5+ Nbd7 10. Nc6 Qc8
11. Nc3 O-O 12. Nxd5 Nxd5 13. Qxd5 Nf6 14. Qxd6 cxd6 15. Ne7+
1-0

[Event "II - May 2023 DRRT"]
[Site "SchemingMind.com"]
[Date "2023.06.18"]
[Round "-"]
[White "ray winteringham"]
[Black "pmdpsp"]
[Result "0-1"]
[WhiteCountry "ENG"]
[BlackCountry "GER"]
[WhiteElo "1459"]
[WhiteRD "50"]
[BlackElo "1722"]
[BlackRD "89"]
[GameID "734916"]

1. g3 Nc6 2. Bg2 d5 3. e3 e5 4. d4 Be6 5. Ne2 Bd6 6. a3 Nge7 7. Bd2 O-O 8. Nbc3 Bg4 9. O-O exd4 10. Nxd5 Nxd5
11. Bxd5 Qg5 12. Bxc6 bxc6 13. Nxd4 Bxd1
0-1

[Event "II - May 2023 DRRT"]
[Site "SchemingMind.com"]
[Date "2023.06.17"]
[Round "-"]
[White "pmdpsp"]
[Black "Chessibelle"]
[Result "1-0"]
[WhiteCountry "GER"]
[BlackCountry "ENG"]
[WhiteElo "1722"]
[WhiteRD "89"]
[BlackElo "1159"]
[BlackRD "60"]
[GameID "734917"]

1. c4 Nc6 2. Nc3 e5 3. e3 d6 4. Nf3 Be7 5. d4 Bd7 6. Bd3 Nf6 7. O-O O-O 8. Qc2 g6 9. a3 b6 10. b4 Ng4
11. d5 Nb8 12. Bb2 f6 13. h3 Nh6 14. Bxg6 f5 15. Bh5 c6 16. Nh2 Kh8 17. f4 Rg8 18. fxe5 dxe5 19. dxc6 Nxc6 20. Nd5 Bd6
21. c5 Qg5 22. Bf3 Qh4 23. cxd6 Qxh3 24. Ne7 Nxe7 25. Bxe5+ Rg7 26. dxe7 Kg8 27. Bxa8 Qh5 28. Qc7 Rxe7 29. Rad1 Qe2 30. Qd8+ Kf7
31. Bd5+ Be6 32. Bxe6+ Rxe6 33. Rd7+ Kg6 34. Rg7+ Kh5 35. Qg5#
1-0

[Event "II - May 2023 DRRT"]
[Site "SchemingMind.com"]
[Date "2023.06.17"]
[Round "-"]
[White "Chessibelle"]
[Black "pmdpsp"]
[Result "0-1"]
[WhiteCountry "ENG"]
[BlackCountry "GER"]
[WhiteElo "1159"]
[WhiteRD "60"]
[BlackElo "1722"]
[BlackRD "89"]
[GameID "734918"]

1. Nf3 d5 2. d4 Nc6 3. e3 Nf6 4. g3 Bg4 5. Be2 Bh3 6. Ng5 Bg2 7. Rg1 Be4 8. Nc3 Bg6 9. a3 e5 10. Bd2 h6
11. Nh3 Qd7 12. g4 O-O-O 13. Na2 exd4 14. Qc1 dxe3 15. Bxe3 d4 16. Bf4 Ne4 17. b3 Bd6 18. b4 Rhe8 19. Qb2 Bxf4 20. Nxf4 Bh7
21. Bd3 Qd6 22. Qb3 Nc5+ 23. Be2 Nxb3
0-1

[Event "II - May 2023 DRRT"]
[Site "SchemingMind.com"]
[Date "2023.06.18"]
[Round "-"]
[White "pmdpsp"]
[Black "Wojtek26"]
[Result "1-0"]
[WhiteCountry "GER"]
[BlackCountry "POL"]
[WhiteElo "1725"]
[WhiteRD "78"]
[BlackElo "1344"]
[BlackRD "80"]
[GameID "734919"]

1. c4 e5 2. Nc3 Nf6 3. Nf3 d6 4. e3 Be7 5. d4 exd4 6. Nxd4 O-O 7. Bd3 Nbd7 8. O-O Nc5 9. Bf5 Bxf5 10. Nxf5 Nce4
11. Nxe4 Nxe4 12. Qg4 Ng5 13. f4 h5 14. Qg3
1-0

[Event "II - May 2023 DRRT"]
[Site "SchemingMind.com"]
[Date "2023.06.18"]
[Round "-"]
[White "Wojtek26"]
[Black "pmdpsp"]
[Result "0-1"]
[WhiteCountry "POL"]
[BlackCountry "GER"]
[WhiteElo "1421"]
[WhiteRD "73"]
[BlackElo "1719"]
[BlackRD "78"]
[GameID "734920"]

1. d4 g6 2. e3 Bg7 3. Nf3 d6 4. Be2 c5 5. c4 Nc6 6. O-O Bf5 7. a3 a5 8. Nbd2 cxd4 9. Nxd4 Nxd4 10. exd4 Bxd4
11. Nf3 Bg7 12. Nh4 Bd7 13. Nf3 Nf6 14. Bd3 O-O 15. Bd2 b6 16. Qc2 Bc6 17. Be2 Qd7 18. Rab1 Rfc8 19. b3 b5 20. Qa2 Ne4
0-1

[Event "II - May 2023 DRRT"]
[Site "SchemingMind.com"]
[Date "2023.06.17"]
[Round "-"]
[White "pmdpsp"]
[Black "Sadalmelik"]
[Result "1-0"]
[WhiteCountry "GER"]
[BlackCountry "ITA"]
[WhiteElo "1725"]
[WhiteRD "78"]
[BlackElo "1471"]
[BlackRD "92"]
[GameID "734921"]

1. c4 c5 2. Nc3 Nc6 3. Nf3 Nf6 4. e3 e5 5. d4 cxd4 6. exd4 exd4 7. Nxd4 d6 8. Be2 Nxd4 9. Qxd4 Be7 10. O-O O-O
11. Bf3 a6 12. Be3 Qc7 13. Rac1 Be6 14. b3 Rfe8 15. Rfd1 Red8 16. Nd5 Nxd5 17. cxd5 Qd7 18. dxe6 Qxe6 19. Bxb7 Rab8 20. Bxa6 Bf6
21. Qd2 Be7 22. Rc7 h6 23. Bc4 Qe5 24. Re1 Qf6 25. Bd4 Qg5 26. f4 Qh4 27. Rcxe7 Rf8 28. R1e6 fxe6 29. Bxe6+ Kh8 30. Bxg7+
1-0

[Event "II - May 2023 DRRT"]
[Site "SchemingMind.com"]
[Date "2023.06.20"]
[Round "-"]
[White "Sadalmelik"]
[Black "pmdpsp"]
[Result "0-1"]
[WhiteCountry "ITA"]
[BlackCountry "GER"]
[WhiteElo "1444"]
[WhiteRD "93"]
[BlackElo "1719"]
[BlackRD "78"]
[GameID "734922"]

1. e4 e5 2. Nf3 Nc6 3. c4 Nf6 4. Nc3 Bb4 5. a3 Be7 6. d3 O-O 7. Be2 d6 8. O-O Be6 9. b4 a6 10. Bb2 Nh5
11. Nxe5 Nxe5 12. Bxh5 Bh4 13. f4 Nc6 14. f5 Bd7 15. Nd5 Ne5 16. Ne3 Qg5 17. Nd5 g6 18. fxg6 fxg6 19. Be2 Bh3 20. Rxf8+ Rxf8
21. g4 Bxg4 22. Bxg4 Nf3+ 23. Kh1 Qxg4 24. Ne3 Qf4 25. Qe2 Bg3 26. hxg3 Qh6+ 27. Kg2 Qh2+ 28. Kf1 Qg1#
0-1

[Event "II - May 2023 DRRT"]
[Site "SchemingMind.com"]
[Date "2023.07.12"]
[Round "-"]
[White "pmdpsp"]
[Black "Arnold Jones"]
[Result "1-0"]
[WhiteCountry "GER"]
[BlackCountry "ENG"]
[WhiteElo "1680"]
[WhiteRD "79"]
[BlackElo "1528"]
[BlackRD "60"]
[GameID "735523"]

1. e4 Nf6 2. Nc3 e5 3. Bc4 Bc5 4. Nf3 Nc6 5. O-O O-O 6. a3 a6 7. d3 d6 8. Nd2 Bg4 9. Ne2 Bxe2 10. Qxe2 Nd4
11. Qd1 b5 12. Ba2 a5 13. Nb3 Nxb3 14. Bxb3 a4 15. Ba2 Nd7 16. Kh1 g6 17. f4 Qh4 18. Rf3 Qe7 19. Rg3 Nf6 20. c3 h5
21. f5 Ng4 22. Rxg4 hxg4 23. Qxg4 Kg7 24. Bg5 Qe8 25. Qh4 Rh8 26. Bf6+
1-0